[Event "NATO-ch 24th"]
[Site "Rynia"]
[Date "2013.08.14"]
[Round "4"]
[White "Prevot, Jean Luc"]
[Black "Pos, Nicolaas"]
[Result "1-0"]
[WhiteElo "2027"]
[BlackElo "1884"]
[PlyCount "113"]
[EventDate "2013.08.12"]
[EventType "swiss"]
[EventRounds "7"]
[EventCountry "POL"]
[SourceTitle "CBM 156 Extra"]
[Source "ChessBase"]
[SourceDate "2013.10.22"]
[SourceVersion "1"]
[SourceVersionDate "2013.10.22"]
[SourceQuality "1"]

1. Nf3 Nf6 2. g3 b6 3. Bg2 Bb7 4. 0-0 e6 5. b3 Be7 6. Bb2 0-0 7. c4 c5 8. Nc3 d5 9. e3 Na6 10. Qe2 dxc4 11. bxc4 Nb4 12. d4 Ne4 13. Nxe4 Bxe4 14. Rfd1 cxd4 15. Rxd4 Bd3 16. Rxd8 Bxe2 17. Rxa8 Rxa8 18. Nd4 Rd8 19. Ba3 Rxd4 20. exd4 Nc2 21. Bxe7 Nxa1 22. c5 Nc2 23. d5 exd5 24. c6 Bg4 25. Bxd5 Nd4 26. Kg2 Bc8 27. a4 g6 28. Bd6 a6 29. h4 Ne6 30. Kf3 Kg7 31. Ke3 Kf6 32. Kd3 Kf5 33. f3 Kf6 34. Kc4 h6 35. Be4 Kg7 36. Kd5 Kf6 37. g4 Kg7 38. Ba3 Kf6 39. Kd6 b5 40. axb5 axb5 41. Bd3 Kg7 42. Ke7 Kg8 43. Bb2 b4 44. Bc4 Kh7 45. Bxe6 Bxe6 46. c7 g5 47. h5 Kg8 48. Bf6 b3 49. Kd8 b2 50. Bxb2 f5 51. c8Q Bxc8 52. Kxc8 fxg4 53. fxg4 Kf7 54. Kd7 Kf8 55. Ke6 Kg8 56. Kf5 Kf7 57. Bc3 1-0

[Event "Vlissingen HZ op 16th"]
[Site "Vlissingen"]
[Date "2012.08.05"]
[Round "3"]
[White "Porte, Henrik"]
[Black "Pos, Nicolaas"]
[Result "1-0"]
[WhiteElo "2132"]
[BlackElo "1890"]
[PlyCount "59"]
[EventDate "2012.08.04"]
[EventType "swiss"]
[EventRounds "9"]
[EventCountry "NED"]
[SourceTitle "CBM 149 Extra"]
[Source "ChessBase"]
[SourceDate "2012.08.24"]
[SourceVersion "1"]
[SourceVersionDate "2012.08.24"]
[SourceQuality "1"]

1. d4 Nf6 2. c4 g6 3. Nc3 d5 4. cxd5 Nxd5 5. e4 Nxc3 6. bxc3 Bg7 7. Bc4 c5 8. Ne2 0-0 9. 0-0 Nc6 10. Be3 Na5 11. Bd3 cxd4 12. cxd4 e6 13. Qd2 b6 14. Bh6 Bb7 15. Bxg7 Kxg7 16. Rac1 Qd7 17. f4 f5 18. Qe3 Rfe8 19. Nc3 a6 20. d5 fxe4 21. Bxe4 b5 22. Qd4+ Kg8 23. Rfd1 Rad8 24. d6 Nc4 25. Bxb7 Qxb7 26. Ne4 Qb6 27. Qxb6 Nxb6 28. Nf6+ Kf7 29. Nxe8 Kxe8 30. Rc6 1-0